Регионална библиотека "Любен Каравелов" - Русе

Молитви (Запис номер 168766)

MARC детайли
000 -Лидер
Контролно поле с фиксирана дължина 01769nam a2200373 c 4500
003 - Код на организацията, давaща контролен номер
Контролно поле BLK
005 - Дата и час на последна редакция
Контролно поле 20240314005348.0
008 - Елементи от данни с фиксирана дължина
fixed length control field 180411b bul|||||r ||||||| ||bul||
010 ## - Наследен системен номер
LC control number KNG00176700000
020 ## - Международен стандартен номер на книга ISBN
Международен стандартен номер на книга ISBN 978-954-474-608-7
-- издат.: Кибеа
040 ## - Източник на каталожния запис
Идентификатор на билиотеката - собственик на записа BLK
041 ## - Код за език
Код за езика на текст/звукозапис или на отделно заглавие Български
Код за езика КДБФ Български
072 #7 - Код за тематичната категория
Код организация bullib
Код за тематична категория Н20
Текст Религия. Теология Н
080 ## - УДК
Текстов определител УДК Молитви. Молитвеници. Четене на Библията. Вж 264
УДК код - определител по УДК 243
УДК определител
УДК - код + определител 243
100 1# - Редна дума - Автор
Автор Руис, дон Мигел Анхел
Авторска отговорност първи автор
R(LIN) 370980
139 ## - Редно поле
Редна дума Руис, дон Мигел Анхел и др.
Авторски знак Руд - Р 91
245 10 - Сведения за заглавието
Заглавие Молитви
Подзаглавни данни Единение със Създателя
Редно поле (дума) дон Мигел Анхел Руис; съавт. Джанет Милс; прев. от англ. Станислава Александрова Миланова.
257 ## - Страна на издаване
Страна на създаване/издаване Съединени американски щати
260 ## - Област на издателските данни
-- София
Име на издателя, разпространителя и проч. Кибеа
Година на издаване 2012
Печатница София : Инвестпрес
300 ## - Физическа характеристика
Страници 112 с.
Размери/Мащаб 16 см
380 ## - Жанр
Жанр Религия. Теология
500 ## - Общи забележки
Забележка Ориг. загл.: Prayers: a communion with our creator / Miguel Angеl Ruiz and Janet Mills
650 #4 - Допълнително описание по предмет – тема
Основно описание – тема или топоним Молитви
9 (RLIN) 162629
653 ## - Ключова дума – ненормативна
Ключова дума молитви
659 ## - Тематичен бюлетин
Тематичен бюлетин Н
700 1# - Други автори (авторска отговорност)
Лично име Милс, Джанет
Автороска отговорност (Описва отношението между автора и произведението) съавт.
9 (RLIN) 294068
700 ## - Други автори (авторска отговорност)
Лично име Миланова, Станислава Александрова
Друга информация Преводач от английски и руски език.
Дати, свързани с автора 1967-
Пълна форма на името Миланова-Леонтиева, Станислава Александрова
9 (RLIN) 363380
852 ## - Местоположение
Форматна сигнатура Цб І 35923
856 4# - Електронен адрес и достъп
Електронен формат pdf - файл
Път до файла /url/
856 4# - Електронен адрес и достъп
Електронен формат pdf - файл
Път до файла /url/
942 ## - АРТИКУЛИ
Вид на библиотечния материал Книги
Скрит в OPAC Не
944 ## - СЪЗДАВАНЕ И РЕДАКЦИЯ на ЗАПИСА
Създаване/Редакция Създаване
Дата на регистрацията/редакция 16.06.2015
Служител, извършил регистрацията/редакцията
Статус, дата на статуса CRON CRON
944 ## - СЪЗДАВАНЕ И РЕДАКЦИЯ на ЗАПИСА
Създаване/Редакция Редакция
Дата на регистрацията/редакция 05.11.2015
Служител, извършил регистрацията/редакцията Наталия_Медовщикова
999 ## - СИСТЕМНИ КОНТРОЛНИ НОМЕРА
Koha biblionumber 168766
Koha biblioitemnumber 168766
Наличности
Код за отписване Код за изгубен артикул Код за повреда Коз за рестрикции Код за отдаване Артикулен № Име на библиотеката - собственик Име на библиотеката, в която се намира в момента Статус (Текущо местоположение) Дата на вписване в системата Местоположение - отдел Цена в лева Инвентарен номер Систематично азбучна сигнатура Баркод Номер на екземпляра Цена в евро Служебна бележка Служебен тип на артикула
  Не е изгубен Не е повреден без рестрикции ползва се в читалня 285160 Регионална библиотека "Любен Каравелов" Русе Регионална библиотека "Любен Каравелов" Русе Хранилище 2015-06-17 Хранилище 9.00 120000788915 Цб І 35923 120000788915 1 4.60 Дост: Dp Вид: Д N: 2 Дата: 07.01.2015 Книги
Vip Innovations Ltd, Rousse, Bulgaria 2025